La Democracia en Costa Rica /

Sábháilte in:
Sonraí bibleagrafaíochta
Príomhchruthaitheoir: Formoso, Manuel
Formáid: Téacs
Ábhair:
Clibeanna: Cuir clib leis
Níl clibeanna ann, Bí ar an gcéad duine le clib a chur leis an taifead seo!

MARC

LEADER 00000 a a2200000 04500
001 1560
003
040
100 |a Formoso, Manuel  
245 |a La Democracia en Costa Rica /  |c Manuel Formoso 
650 |a DEMOCRACIA  
650 |a DESARROLLO SOCIAL  
650 |a BURGUESIA  
650 |a DESEMPLEO  
650 |a INFLACION  
650 |a DEUDA EXTERNA  
650 |a DEVALUACION  
650 |a COSTA RICA  
773 |g número 14 -15; páginas 44-48  
999 |c 21757  |d 21757